[Event "Oberliga Sued W9899"]
[Site "Wuertemberg"]
[Date "1999.02.28"]
[Round "7"]
[White "Ortmann, David"]
[Black "Altenhof, Martin"]
[Result "1/2-1/2"]
[WhiteElo "2165"]
[BlackElo "2270"]

1.d4 Nf6 2.c4 g6 3.Nc3 Bg7 4.e4 d6 5.Nf3 O-O 6.Be2 e5 7.O-O Nc6 8.dxe5 Nxe5
9.Bg5 Be6 10.Nxe5 dxe5 11.Qxd8 Rfxd8 12.Nd5 Bxd5 13.cxd5 h6 14.Bxf6 Bxf6
15.Rac1 Rd7 16.Bg4 Re7 17.Rc5 Bg5 18.g3 h5 19.Bh3 Rf8 20.f4 exf4 21.gxf4 Bh6
22.Bg2 f5 23.e5 g5 24.d6 cxd6 25.exd6 Rd7 26.Rc7 Rxd6 27.Rxb7 a6 28.fxg5  1/2-1/2

[Event "BL2-O9899"]
[Site "Germany"]
[Date "1999.03.07"]
[Round "7.2"]
[White "Alber, Horst"]
[Black "Rechel, Bernd"]
[Result "1-0"]
[WhiteElo "2325"]
[BlackElo "2365"]

1.d4 Nf6 2.c4 g6 3.Nc3 Bg7 4.e4 d6 5.Be2 O-O 6.Nf3 e5 7.O-O Nc6 8.d5 Ne7
9.b4 a5 10.Ba3 Nh5 11.c5 Nf4 12.Nd2 f5 13.f3 axb4 14.Bxb4 dxc5 15.Bxc5 b6
16.Bf2 Nxe2+ 17.Nxe2 Ba6 18.Re1 Nc8 19.Nc3 Nd6 20.a4 fxe4 21.Ndxe4 Nxe4 22.Rxe4 Bc8
23.Qb3 Kh8 24.Rae1 Bf5 25.R4e3 Bd7 26.Bg3 Re8 27.Bxe5 Rxe5 28.Rxe5 Bxe5 29.Rxe5 Qf6
30.Re4 Bf5 31.Re3 Qd4 32.Ne2 Qxa4 33.Qc3+ Kg8 34.Re7 Qa1+ 35.Qxa1 Rxa1+ 36.Kf2 Rd1
37.g4 Bb1 38.Nf4 Ba2 39.Rd7 Bc4 40.Ke3 b5 41.Ke4 g5 42.Nh5 b4 43.Nf6+ Kf8
44.Nxh7+ Ke8 45.Nf6+ Kf8 46.Nh7+ Ke8 47.Nf6+ Kf8 48.Rxc7 Bd3+ 49.Ke5 b3 50.Rb7 Bc4
51.d6 Rd2 52.Rb8+ Kf7 53.d7  1-0

[Event "Alushta"]
[Site "Alushta"]
[Date "1999.03.08"]
[Round "6"]
[White "Malakhatko, Vadim"]
[Black "Korotylev, Alexey"]
[Result "1/2-1/2"]
[WhiteElo "2496"]
[BlackElo "2440"]

1.Nf3 Nf6 2.c4 g6 3.Nc3 Bg7 4.e4 O-O 5.d4 d6 6.Be2 e5 7.O-O Nc6 8.d5 Ne7
9.b4 Kh8 10.Nd2 Neg8 11.a4 Ne8 12.c5 f5 13.Ba3 Ngf6 14.Bf3 g5 15.exf5 Bxf5
16.Nc4 e4 17.Be2 Nd7 18.Rc1 Ne5 19.Ne3 Bg6 20.Qd2 Nd3 21.Bxd3 exd3 22.Bb2 Rf4
23.Nb5 a6 24.Bxg7+ Nxg7 25.Na3 Qe7  1/2-1/2

[Event "Budapest FS03 IM"]
[Site "Budapest"]
[Date "1999.03.08"]
[Round "3"]
[White "Khechumyan, Gagik"]
[Black "Zimmerman, Yuri"]
[Result "1/2-1/2"]
[WhiteElo "2372"]
[BlackElo "2374"]

1.d4 g6 2.c4 Bg7 3.Nc3 d6 4.e4 Nf6 5.Nf3 O-O 6.Be2 e5 7.O-O Nc6 8.Be3 Re8
9.dxe5 dxe5 10.Qxd8 Nxd8 11.Nb5 Ne6 12.Ng5 Re7 13.Rfd1 h6 14.Nxe6 Bxe6 15.f3 a6
16.Bc5 Rd7 17.Rxd7 Nxd7 18.Nxc7 Rc8 19.Nxe6 Nxc5 20.Nxc5 Rxc5 21.b4 Rc7 22.Rd1 Bf8
23.Rd8 Kg7 24.c5 a5 25.a3 axb4 26.axb4 b6 27.cxb6 Rb7 28.b5 Bc5+ 29.Kf1 Bxb6
30.Rd6 Bd4 31.Rc6 Ra7 32.Bc4 Ra1+ 33.Ke2 Rg1 34.Rc7 Rxg2+ 35.Kd3 g5 36.Bxf7 Rxh2
37.Bb3+ Kf8 38.Rc6 Rf2 39.Rxh6 Rxf3+ 40.Kc4 Kg7 41.Rc6 Rc3+ 42.Kb4 Rxc6 43.bxc6 Bb6
44.Kb5 Bd8 45.Ka6 Kf6 46.Kb7 g4 47.Bd1 Kg5 48.c7 Bxc7 49.Kxc7 Kf4 50.Bxg4 Kxe4  1/2-1/2

[Event "Alushta"]
[Site "Alushta"]
[Date "1999.03.10"]
[Round "8"]
[White "Atalik, Suat"]
[Black "Salinnikov, Denis Y"]
[Result "1-0"]
[WhiteElo "2593"]
[BlackElo "2484"]

1.d4 Nf6 2.c4 g6 3.Nc3 Bg7 4.e4 d6 5.Nf3 O-O 6.Be2 e5 7.O-O Nc6 8.d5 Ne7
9.Ne1 Nd7 10.Be3 f5 11.f3 f4 12.Bf2 g5 13.Rc1 a5 14.Nd3 b6 15.a3 Ng6 16.b4 Nf6
17.c5 bxc5 18.bxc5 Rf7 19.cxd6 cxd6 20.Kh1 Bf8 21.Na4 Rb7 22.Qc2 Bd7 23.Ndb2 g4
24.fxg4 Nxg4 25.Nc4 Rc8 26.Bxg4 Bxg4 27.Nab6 f3 28.Be3 Rcb8 29.gxf3 Bh3 30.Rg1 Qh4
31.Qf2 Qxf2 32.Bxf2 Rg7 33.Rg3 Nf4 34.Rcg1  1-0

[Event "Lugano op"]
[Site "Lugano"]
[Date "1999.03.10"]
[Round "1"]
[White "Pelletier, Yannick"]
[Black "Bucher, Rolf"]
[Result "1-0"]
[WhiteElo "2483"]
[BlackElo "2077"]

1.Nf3 Nf6 2.c4 g6 3.Nc3 Bg7 4.e4 O-O 5.d4 d6 6.Be2 Nc6 7.O-O e5 8.d5 Ne7
9.b4 Ne8 10.c5 f5 11.Ng5 f4 12.Bg4 Rf6 13.Ne6 Bxe6 14.Bxe6+ Kh8 15.Bd2 Rf8
16.Rc1 Nf6 17.f3 g5 18.Be1 Ng6 19.Bf2 Ne8 20.a4 Rf6 21.a5 Bf8 22.Qb3 Ng7
23.Bh3 h5 24.cxd6 Bxd6 25.Nb5 Ne8 26.Nxa7 Qe7 27.Nc8 Qg7 28.Nxd6 Nxd6 29.Be6 Nf8
30.Qc3 Rxe6 31.dxe6 Nxe6 32.Qb3 Re8 33.b5 g4 34.Bc5 Nf7 35.Kh1 Qg6 36.Qa2 Ra8
37.Bg1 Nfg5 38.a6 bxa6 39.bxa6 gxf3 40.gxf3 Rg8 41.a7 Nxe4 42.a8=Q Ng3+ 43.hxg3 fxg3
44.Qxg8+ Qxg8 45.Rc6  1-0

[Event "Budapest FS03 IM"]
[Site "Budapest"]
[Date "1999.03.11"]
[Round "6"]
[White "Pham Minh Hoang"]
[Black "Zimmerman, Yuri"]
[Result "0-1"]
[WhiteElo "2357"]
[BlackElo "2374"]

1.c4 Nf6 2.Nc3 g6 3.Nf3 Bg7 4.e4 d6 5.Be2 O-O 6.O-O e5 7.d4 Nc6 8.d5 Ne7
9.Ne1 Nd7 10.Be3 f5 11.f3 f4 12.Bf2 g5 13.Nd3 Nf6 14.c5 Ng6 15.Rc1 Rf7 16.cxd6 cxd6
17.Kh1 Bf8 18.Bg1 Rg7 19.Nb5 g4 20.Nxa7 Bd7 21.Qb3 g3 22.Bb6 Qe8 23.h3 Bxh3
24.gxh3 Nh4 25.Kg1 Qd7 26.Nf2 gxf2+ 27.Kxf2 Qxh3 28.Ke1 Rg2 29.Kd2 Bh6 30.Qd3 Ng4
31.Kc3 Ne3 32.Rh1 Qg3 33.Kb3 Qf2 34.Rc2 Bg5 35.a4 Nxf3 36.Rf1 Qxf1 37.Bxf1 Rxc2
38.Bxe3 fxe3 39.Nb5 Rd2 40.Qc3 e2 41.Bxe2 Rxe2 42.Qc7 Nd2+ 43.Ka3 Rxe4 44.Nc3 Nb1+
45.Kb3 Nxc3 46.bxc3 Rd8 47.Qxb7 Rf4 48.a5 Rf7 49.Qb6 e4 50.Qg1 h6 51.Qg4 Re8
52.Qh5 Kg7 53.a6 e3 54.Qe2 Ree7 55.c4 Rf2 56.Qe1 e2 57.a7 Rxa7 58.Qxf2 Re7
59.Qe1 Bh4  0-1

[Event "Alushta"]
[Site "Alushta"]
[Date "1999.03.12"]
[Round "10"]
[White "Svetushkin, Dmitry"]
[Black "Salinnikov, Denis Y"]
[Result "1-0"]
[WhiteElo "2471"]
[BlackElo "2484"]

1.Nf3 Nf6 2.c4 g6 3.Nc3 Bg7 4.e4 d6 5.d4 O-O 6.Be2 e5 7.O-O Nc6 8.d5 Ne7
9.Ne1 Nd7 10.Nd3 f5 11.Bd2 Nf6 12.f3 f4 13.c5 g5 14.Rc1 a6 15.Qb3 Rb8 16.Na4 g4
17.Ba5 b6 18.cxb6 cxb6 19.Nxb6 gxf3 20.Nxc8 fxe2 21.Bxd8 exf1=Q+ 22.Kxf1 Rxb3
23.Nxe7+ Kf7 24.axb3 Rxd8 25.Nc6 Ra8 26.Nf2 Ne8 27.Na5 Bf6 28.Rc6 Bd8 29.Nc4 Ke7
30.b4 Kd7 31.Nd3 Bc7 32.Ke2 h5 33.Kf3 Nf6 34.Ncxe5+ dxe5 35.Rxf6  1-0

[Event "Falkoner International Team"]
[Site "San Francisco"]
[Date "1999.03.12"]
[Round "1"]
[White "Wolski, Thomas"]
[Black "Rey, Guillermo"]
[Result "0-1"]
[WhiteElo "2305"]
[BlackElo "2346"]

1.Nf3 Nf6 2.c4 g6 3.d4 Bg7 4.Nc3 O-O 5.e4 d6 6.Be2 e5 7.O-O Nc6 8.d5 Ne7
9.Ne1 Nd7 10.Nd3 f5 11.Bd2 Nf6 12.f3 f4 13.c5 Ne8 14.cxd6 cxd6 15.Qc2 g5
16.a4 Ng6 17.Nf2 Rf7 18.Rfc1 Bf8 19.a5 h5 20.Ra3 g4 21.fxg4 hxg4 22.Nxg4 Qh4
23.Nf2 Rh7 24.h3 Qg5 25.Ncd1 Rg7 26.Ng4 Nh4 27.Ndf2 Be7 28.Qa4 Qg6 29.Rac3 Bxg4
30.Nxg4 Nf6 31.Nxf6+ Qxf6 32.Rc8+ Rxc8 33.Rxc8+ Bf8 34.Bg4 f3 35.g3 f2+ 36.Kf1 Nf3
37.Bxf3 Qxf3 38.Rc3 Qh1+ 39.Kxf2 Rf7+  0-1

[Event "AUT-chT2M 9899"]
[Site "Austria"]
[Date "1999.03.13"]
[Round "10"]
[White "Dornauer, Joachim"]
[Black "Brestan, Peter"]
[Result "1-0"]
[WhiteElo "2160"]
[BlackElo "2021"]

1.d4 Nf6 2.c4 g6 3.Nc3 Bg7 4.e4 O-O 5.Nf3 d6 6.Be2 e5 7.O-O Nc6 8.d5 Ne7
9.Nd2 c5 10.a3 a5 11.Rb1 Ne8 12.b4 axb4 13.axb4 b6 14.bxc5 bxc5 15.Nb3 f5
16.f3 Nf6 17.Be3 f4 18.Bf2 g5 19.Nxc5 dxc5 20.Bxc5 Nd7 21.Bf2 Qa5 22.Nb5 Kh8
23.c5 Bf6 24.d6 Nc6 25.Qd5 Nb4 26.Rxb4 Qxb4 27.Qxa8 Nxc5 28.Qc6 Nd7 29.Na7 Nb8
30.Qc2 Be6 31.Bc5 Qa5 32.Nb5 Nc6 33.Nc7 Bd7 34.Rc1 Nd4 35.Qb2 g4 36.fxg4 f3
37.gxf3 Bg5 38.Bxd4 Bxc1 39.Bxe5+ Kg8 40.Bc4+ Rf7 41.Qb8+  1-0

[Event "Bucharest TIT (Women)"]
[Site "Bucharest"]
[Date "1999.03.13"]
[Round "10"]
[White "Barasiant, Mariana"]
[Black "Smokina, Karolina"]
[Result "0-1"]
[WhiteElo "2057"]
[BlackElo "2176"]

1.d4 Nf6 2.c4 g6 3.Nc3 Bg7 4.e4 d6 5.Nf3 O-O 6.Be2 e5 7.O-O Nc6 8.d5 Ne7
9.b4 a5 10.Qb3 axb4 11.Qxb4 Nd7 12.Ne1 f5 13.f3 f4 14.Nd3 b6 15.Bd2 h5 16.Be1 g5
17.Bf2 Ng6 18.Qb2 Nf6 19.Nb4 h4 20.a4 g4 21.Nc6 Qd7 22.fxg4 Nxg4 23.Bxg4 Qxg4
24.a5 f3 25.Be1 Bh6 26.Qc2 Be3+ 27.Kh1 fxg2+ 28.Qxg2 Qxg2+ 29.Kxg2 h3+  0-1

[Event "Lugano op"]
[Site "Lugano"]
[Date "1999.03.13"]
[Round "4"]
[White "Negele, Anton"]
[Black "Cvitan, Ognjen"]
[Result "0-1"]
[WhiteElo "2225"]
[BlackElo "2521"]

1.Nf3 Nf6 2.d4 g6 3.c4 Bg7 4.Nc3 O-O 5.e4 d6 6.Be2 e5 7.O-O Nc6 8.d5 Ne7
9.b4 Nh5 10.Re1 a5 11.bxa5 c5 12.a4 Rxa5 13.Ra3 Ra6 14.Nd2 Nf6 15.Nb5 Kh8
16.Bf1 Nd7 17.g3 f5 18.Bg2 Nf6 19.Bb2 fxe4 20.Nxe4 Nxe4 21.Bxe4 Ng8 22.Bg2 Nf6
23.Qa1 Bf5 24.h3 h5 25.f4 exf4 26.gxf4 Re8 27.Rxe8+ Nxe8 28.Re3 Bxb2 29.Qxb2+ Ng7
30.Nc3 Rb6 31.Nb5 Kh7 32.Qe2 Ra6 33.Re7 Rxa4 34.Rxb7 Qf6 35.Qe7 Qxe7 36.Rxe7 Ra6
37.Rc7 h4 38.Rc6 Ra1+ 39.Kh2 Nh5 40.Rc7+ Kh6 41.Nxd6 Nxf4 42.Nxf5+ gxf5 43.Rc8 Ra2
44.Rg8 Rc2 45.Kh1 Rxc4 46.d6 Rd4 47.Rd8 Ne6 48.Rd7 Kg5 49.Bb7 Kf4 50.Kg1 Ke5
51.Bc8 Rxd6 52.Rh7 Ng5 53.Kg2 Rd2+  0-1

[Event "Budapest FS03 IM"]
[Site "Budapest"]
[Date "1999.03.16"]
[Round "11"]
[White "Khechumyan, Gagik"]
[Black "Gara, Anita"]
[Result "1-0"]
[WhiteElo "2372"]
[BlackElo "2287"]

1.d4 Nf6 2.c4 g6 3.Nc3 Bg7 4.e4 d6 5.Nf3 O-O 6.Be2 e5 7.O-O Nc6 8.Be3 Ng4
9.Bg5 f6 10.Bh4 Nh6 11.dxe5 dxe5 12.Qc1 g5 13.Bg3 g4 14.Rd1 Qe8 15.Nh4 Nd4
16.Bd3 c6 17.Ne2 c5 18.Nc3 Qf7 19.Re1 Be6 20.Nd5 Kh8 21.Qe3 Rae8 22.Rad1 b6
23.b3 f5 24.Nxf5 Nhxf5 25.exf5 Bxd5 26.cxd5 e4 27.Bxe4 Nxf5 28.Qd3 Nxg3 29.fxg3 Qh5
30.Rf1 Rxf1+ 31.Rxf1 Bd4+ 32.Kh1 Re5 33.Bf5 Rxd5 34.Qe4 Re5 35.Qf4 Qe8 36.Bxg4 Re1
37.h4 Rxf1+ 38.Qxf1 Kg7 39.Kh2 Qe3 40.Bh5 Bf6 41.Qf3 Qxf3 42.gxf3 b5 43.Be8 a6
44.Kh3 c4 45.bxc4 bxc4 46.Kg4 Bc3 47.Kh5 Kf6 48.Ba4 Be1 49.g4 h6 50.f4 Bd2
51.Kxh6 Bxf4+ 52.g5+ Kf5 53.Bd7+ Ke5 54.Kg6 Kd6 55.Ba4 Ke7 56.Kh7 Kf8 57.g6 Be5
58.h5 c3 59.h6  1-0

[Event "NRW-Liga II 9899"]
[Site "GER"]
[Date "1999.03.16"]
[Round "7"]
[White "Diesner, Michael"]
[Black "Wunsch, Axel"]
[Result "0-1"]
[WhiteElo "2055"]
[BlackElo "2140"]

1.d4 Nf6 2.c4 d6 3.Nc3 g6 4.e4 Bg7 5.Nf3 O-O 6.Be2 e5 7.O-O Nc6 8.d5 Ne7
9.b4 Ne8 10.c5 h6 11.Nd2 f5 12.f3 h5 13.Nc4 Kh7 14.a4 Ng8 15.Ba3 Bh6 16.b5 Bf4
17.g3 Bh6 18.a5 f4 19.b6 axb6 20.axb6 Bh3 21.bxc7 Qxc7 22.cxd6 Qb8 23.Bc5 Rxa1
24.Qxa1 Qc8 25.Bf2 fxg3 26.hxg3 Bxf1 27.Bxf1 h4 28.Qa4 Nxd6 29.Nxd6 Qxc3
30.Qd7+ Bg7 31.Nf7 Nf6 32.Ng5+ Kg8 33.Qe6+ Kh8 34.Qh3 Kg8 35.Qxh4 Ra8 36.Qh3 Qc8
37.Ne6 Ra3 38.Nxg7 Qxh3 39.Bxh3 Kxg7 40.d6 Rxf3 41.d7 Rd3  0-1

[Event "Spring Festival 15th"]
[Site "Budapest"]
[Date "1999.03.19"]
[Round "3"]
[White "Lukacs, Jozsef"]
[Black "Semenova, Irina"]
[Result "0-1"]
[WhiteElo "2104"]
[BlackElo "2268"]

1.d4 Nf6 2.Nf3 g6 3.c4 Bg7 4.Nc3 O-O 5.e4 d6 6.Be2 e5 7.O-O Nc6 8.d5 Ne7
9.Nd2 Ne8 10.b4 f5 11.Nb3 f4 12.Bg4 h5 13.Bxc8 Rxc8 14.c5 Nf6 15.Qd3 g5 16.f3 g4
17.g3 fxg3 18.hxg3 gxf3 19.Rxf3 Qd7 20.Bg5 Qg4 21.Qe3 Nh7 22.Rxf8+ Rxf8 23.Bxe7 Rf3
24.Qxf3 Qxf3 25.Rc1 Bh6 26.Rc2 Qd3 27.Na1 Bd2 28.c6 bxc6 29.Bxd6 Qxg3+ 30.Kf1 Qe1+
31.Kg2 Bxc3 32.dxc6 Bxa1 33.Kh2 Qh4+ 34.Kg1 Bd4+ 35.Kf1 Qh1+ 36.Ke2 Qxe4+
37.Kd1 Qd3+  0-1

[Event "ISR-chT"]
[Site "Israel"]
[Date "1999.03.19"]
[Round "8"]
[White "Kaganskiy, Gleb"]
[Black "Golod, Vitali"]
[Result "0-1"]
[WhiteElo "2292"]
[BlackElo "2554"]

1.d4 Nf6 2.c4 g6 3.Nc3 Bg7 4.e4 d6 5.Be2 O-O 6.Nf3 e5 7.O-O Nc6 8.d5 Ne7
9.Ne1 Nd7 10.f3 f5 11.Be3 f4 12.Bf2 g5 13.Rc1 Rf6 14.b4 Rh6 15.Nd3 Nf6 16.c5 Qe8
17.Kh1 Bd7 18.b5 b6 19.cxd6 cxd6 20.a4 Kh8 21.Qe1 Qg6 22.g4 fxg3 23.Bxg3 Nh5
24.Rg1 Rf8 25.Nd1 g4 26.Rc7 gxf3 27.Bf1 Qe8 28.Rxa7 Bf6 29.Qe3 Nxg3+ 30.Rxg3 Qh5
31.Qg1 Bc8 32.N3f2 Rg8 33.Rxg8+ Nxg8 34.Nd3 Rg6 35.Qe3 Bh3 36.Qe1 Bxf1 37.Ne3  0-1

[Event "Novgorod op"]
[Site "Novgorod"]
[Date "1999.03.19"]
[Round "1"]
[White "Pavlov, Aleksandr"]
[Black "Loginov, Valery A"]
[Result "0-1"]
[WhiteElo "2308"]
[BlackElo "2532"]

1.d4 Nf6 2.c4 g6 3.Nc3 Bg7 4.e4 d6 5.Nf3 O-O 6.Be2 e5 7.O-O Nc6 8.d5 Ne7
9.Ne1 Nd7 10.Nd3 f5 11.Bd2 Kh8 12.Rc1 Nf6 13.f3 c5 14.Rb1 f4 15.b4 cxb4 16.Rxb4 b6
17.a4 a5 18.Rb2 Bd7 19.Qb3 Nc8 20.Be1 Be8 21.Bf2 Nd7 22.Rfb1 h5 23.Nb5 g5
24.Kh1 Rg8 25.Qd1 Bf6 26.Nc3 Rg7 27.Bg1 Bg6 28.Rb3 Qf8 29.R1b2 Bd8 30.h3 Nf6
31.c5 bxc5 32.Rb8 Rxb8 33.Rxb8 Nb6 34.Qb1 Nbd7 35.Rc8 g4 36.Nf2 gxh3 37.Nxh3 Rg8
38.Ng5 Qe7 39.Ne6 Nxd5 40.Nxd5 Qxe6 41.Bc4 Bf7 42.Qb2 Nf6 43.Rc6 Nxd5 44.Bxd5 Qd7
45.Bxc5 Be7 46.Bb6 Bxd5 47.exd5 Qf5 48.Bxa5 Qd3 49.Bc3 Qxd5 50.Qc2 h4 51.Kh2 h3
52.Kxh3 Kg7 53.Kh2 Rh8+ 54.Kg1 Kf6 55.Qc1 Ke6 56.Bb2 Qd3 57.Qc4+ Qxc4 58.Rxc4 Rb8
59.Bc3 d5 60.Rc7 Bd6 61.Rc6 Kd7 62.Ra6 d4 63.Ba5 d3  0-1

[Event "Novgorod op"]
[Site "Novgorod"]
[Date "1999.03.20"]
[Round "2"]
[White "Popov, Valerij"]
[Black "Yarovik, Yuri"]
[Result "0-1"]
[WhiteElo "2582"]
[BlackElo "2415"]

1.Nf3 Nf6 2.c4 g6 3.Nc3 Bg7 4.e4 d6 5.d4 O-O 6.Be2 e5 7.O-O Nc6 8.d5 Ne7
9.b4 a5 10.Ba3 axb4 11.Bxb4 Nd7 12.a4 Bh6 13.Nd2 f5 14.Bf3 Kh8 15.a5 Ng8
16.Nb3 Rf7 17.c5 Bf8 18.cxd6 Bxd6 19.Bxd6 cxd6 20.Nb5 Ndf6 21.Nd2 Nh6 22.exf5 Nxf5
23.Nc4 Ra6 24.Be2 Bd7 25.Nb6 Ne4 26.Qc2 Bxb5 27.Bxb5 Nd4 28.Qxe4 Nxb5 29.f4 Rxa5  0-1

[Event "Novgorod op"]
[Site "Novgorod"]
[Date "1999.03.20"]
[Round "2"]
[White "Grechihin, Valery"]
[Black "Sambuev, Bator"]
[Result "0-1"]
[WhiteElo "2556"]
[BlackElo "2409"]

1.Nf3 Nf6 2.c4 g6 3.Nc3 Bg7 4.e4 d6 5.d4 O-O 6.Be2 e5 7.O-O Nc6 8.d5 Ne7
9.Nd2 c5 10.dxc6 bxc6 11.b4 d5 12.Qc2 a5 13.Ba3 d4 14.Na4 axb4 15.Bxb4 d3
16.Bxd3 Rxa4 17.Qxa4 Qxd3 18.Bxe7 Qxd2 19.Bxf8 Bxf8 20.Qxc6 Be6 21.a4 Qa5
22.Qb5 Qa7 23.Qxe5 Ng4 24.Qg3 Bg7 25.Rab1 Be5 26.Qb3 Bxh2+ 27.Kh1 Be5 28.f4 Qe7
29.g3 Bd4 30.Qf3 h5 31.f5 gxf5 32.exf5 Bxc4 33.f6 Qe5 34.Rbe1 Ne3 35.Rxe3 Bxe3
36.Rd1 Bd4 37.Kh2 Be2 38.Qa8+ Kh7 39.Qf8 Qxf6 40.Rxd4 Qf2+ 41.Kh3 Bf1+ 42.Kh4 Qxd4+
43.Kxh5 Be2+  0-1

[Event "Bled op"]
[Site "Bled"]
[Date "1999.03.21"]
[Round "2"]
[White "Atalik, Suat"]
[Black "Osterman, Rudolf"]
[Result "1-0"]
[WhiteElo "2593"]
[BlackElo "2376"]

1.d4 Nf6 2.c4 g6 3.Nc3 Bg7 4.e4 d6 5.Nf3 O-O 6.Be2 e5 7.O-O Nc6 8.d5 Ne7
9.Ne1 Nd7 10.Be3 f5 11.f3 f4 12.Bf2 g5 13.Rc1 Ng6 14.c5 Nxc5 15.b4 Na6 16.Nb5 Rf7
17.Nxa7 Nxb4 18.Qb3 Na6 19.Nxc8 Qxc8 20.a4 Bf8 21.Nd3 Kg7 22.a5 c5 23.dxc6 bxc6
24.Nb2 Rb7 25.Bb6 Nc5 26.Qc3 Qb8 27.Rfd1 Kh6 28.Nc4 Ne6 29.Qd2 Rd7 30.Bf2 Rd8
31.Nb6 Ra7 32.Rxc6 Nd4 33.Bxd4 exd4 34.Rdc1 Bg7 35.Qb4 Ne5 36.Rc8 Rxc8 37.Rxc8 Qb7
38.Qxd6+ Ng6 39.Rb8 Qf7 40.Bc4 Be5 41.Qxe5 Nxe5 42.Bxf7 Nxf7 43.Nc4 d3 44.Kf2 g4
45.fxg4 Ng5 46.Rb6+ Kg7 47.a6 Nxe4+ 48.Kf3 Nc5 49.Rd6 Nxa6 50.Rxd3 Nc5 51.Ra3 Rxa3+
52.Nxa3 Nd3 53.Nc2 Kf6 54.Ke4 Nc5+ 55.Kxf4 Ne6+ 56.Kg3 h6 57.Ne3 Kg5 58.Nd5 Nc5
59.h4+ Kg6 60.Kf3 Kg7 61.Kf4 Nd3+ 62.Kf5  1-0

[Event "BL2-N9899"]
[Site "Germany"]
[Date "1999.03.21"]
[Round "8.8"]
[White "Zierke, Oliver"]
[Black "Sebastian, Dirk"]
[Result "1/2-1/2"]
[WhiteElo "2270"]
[BlackElo "2270"]

1.d4 g6 2.c4 Bg7 3.e4 d6 4.Nc3 Nf6 5.Nf3 O-O 6.Be2 e5 7.O-O Nc6 8.d5 Ne7
9.Ne1 Nd7 10.Be3 f5 11.f3 f4 12.Bf2 g5 13.Rc1 Rf6 14.c5 a6 15.c6 bxc6 16.dxc6 Nf8
17.Nd5 Nxd5 18.exd5 Qe8 19.Kh1 Qh5 20.Bg1 Ng6 21.Nd3 Nh4 22.Nf2 Nf5 23.Ne4 Rh6
24.Qd2 Ne3 25.Rfe1 Bf5 26.Rc3 g4 27.Rxe3 fxe3 28.Qxe3 Qg6 29.Rf1 g3 30.Nxg3 Bc2
31.Ne4 Rh4 32.Bf2 Rf4 33.Bd3 Bxd3 34.Qxd3 Bh6 35.Qb3 Raf8 36.Re1 Qh5 37.Ng3 Qg6
38.Ne4 Qh5 39.Qb7 Rxf3 40.gxf3 Qxf3+ 41.Kg1 Bd2 42.Qb3 Bxe1 43.Qxf3 Rxf3
44.Bxe1 Re3 45.Ba5 Rxe4 46.Bxc7 Rd4 47.Bxd6 Rxd5 48.c7 Rd1+ 49.Kf2 Rc1 50.b4 Rc6
51.Bxe5 Kf7 52.Ke3 Ke6 53.Kd4 Kd7 54.a4 Rb6 55.Kc4 Rc6+ 56.Kb3 Rb6 57.Kc4 Rc6+
58.Kb3 Rb6  1/2-1/2

[Event "Bled op"]
[Site "Bled"]
[Date "1999.03.22"]
[Round "3"]
[White "Kozul, Zdenko"]
[Black "Miroshnichenko, Evgeny"]
[Result "1-0"]
[WhiteElo "2585"]
[BlackElo "2500"]

1.d4 Nf6 2.c4 g6 3.Nc3 Bg7 4.e4 O-O 5.Nf3 d6 6.Be2 e5 7.O-O Nc6 8.d5 Ne7
9.Ne1 Nd7 10.Nd3 f5 11.Bd2 Nf6 12.f3 f4 13.c5 g5 14.cxd6 cxd6 15.Nf2 Ng6
16.Qc2 Rf7 17.Rfc1 Bf8 18.a4 h5 19.Nb5 Ne8 20.a5 Rg7 21.Ra3 Nh4 22.h3 Qf6
23.Qxc8 Rxc8 24.Rxc8 Qg6 25.Nxa7 Nf6 26.Nb5 g4 27.fxg4 hxg4 28.hxg4 Nh5 29.Nc7 Ng3
30.Bd1 Rxc7 31.Rxc7 Qe8 32.Rb3 Qa4 33.Rxg3  1-0

[Event "IND-ch"]
[Site "Nagpur"]
[Date "1999.03.23"]
[Round "1"]
[White "Prakash, G B."]
[Black "Suvrajit, Saha"]
[Result "1/2-1/2"]
[WhiteElo "2403"]
[BlackElo "2335"]

1.d4 Nf6 2.c4 g6 3.Nc3 Bg7 4.Nf3 O-O 5.e4 d6 6.Be2 e5 7.O-O Nc6 8.d5 Ne7
9.Bg5 h6 10.Bxf6 Bxf6 11.b4 Bg7 12.c5 f5 13.Nd2 h5 14.cxd6 cxd6 15.Nc4 Bh6
16.a4 fxe4 17.Nxe4 Nf5 18.Qd3 Kh7 19.Bd1 Qe7 20.b5 Bd7 21.Qa3 Rfd8 22.Nexd6 Nxd6
23.Qxd6 Qxd6 24.Nxd6 Bf5 25.Nxb7 Rxd5 26.Bb3 Rd7 27.Na5 Bd3 28.Rfd1 e4 29.Nc6 Bg7
30.Rac1 Bb2 31.Rc5 Ba3 32.Rd5 Rxd5 33.Bxd5 Rf8 34.Ne5 Bc5 35.Bf7 Kg7 36.Bxg6 Rxf2
37.Kh1 Bd4 38.Nxd3 exd3 39.Bxd3 Ra2 40.Bf1 Bb6 41.Rd7+ Kh6 42.g3 h4 43.gxh4 Rxa4  1/2-1/2

[Event "Novgorod op"]
[Site "Novgorod"]
[Date "1999.03.24"]
[Round "6"]
[White "Sherbakov, Ruslan"]
[Black "Chuprov, Dmitry"]
[Result "1-0"]
[WhiteElo "2559"]
[BlackElo "2400"]

1.d4 Nf6 2.c4 g6 3.Nc3 Bg7 4.e4 d6 5.Be2 O-O 6.Nf3 e5 7.O-O Nc6 8.d5 Ne7
9.b4 Nh5 10.Re1 f5 11.Ng5 Nf6 12.Bf3 fxe4 13.Ncxe4 Nf5 14.Bb2 a5 15.b5 Nxe4
16.Nxe4 b6 17.g3 Bd7 18.Bg2 Qe7 19.Qd2 Rac8 20.a4 h6 21.Rf1 g5 22.Rae1 Kh8
23.Kh1 Qf7 24.Bc3 Qg6 25.Qd1 g4 26.f3 gxf3 27.Rxf3 Nd4 28.Rxf8+ Rxf8 29.h3 h5
30.Kh2 Bf5 31.Qd3 Nb3 32.Qe3 Qh6 33.Qe2 h4 34.Rf1 Nd4 35.Qd1 Qg6 36.Qe1 Nc2
37.Qe2 hxg3+ 38.Nxg3 Bd3 39.Rxf8+ Bxf8 40.Qf2 Bh6 41.c5 Kh7 42.cxb6 Be3 43.Qf3 cxb6
44.Kh1 Bd4 45.Bd2 Nb4 46.h4 Bc4 47.Ne4 Nxd5 48.h5 Qe8 49.Nxd6  1-0

[Event "MI Festival GM"]
[Site "Bucharest"]
[Date "1999.03.26"]
[Round "7"]
[White "Svetushkin, Dmitry"]
[Black "Vajda, Levente"]
[Result "1-0"]
[WhiteElo "2471"]
[BlackElo "2484"]

1.Nf3 Nf6 2.c4 g6 3.Nc3 Bg7 4.e4 d6 5.d4 O-O 6.Be2 e5 7.O-O Nc6 8.d5 Ne7
9.Ne1 Nd7 10.Nd3 c5 11.a3 f5 12.f3 Nf6 13.b4 b6 14.Bd2 f4 15.Qe1 g5 16.Nf2 Ng6
17.bxc5 dxc5 18.a4 a5 19.Rb1 h5 20.Qd1 Nh8 21.h3 Nf7 22.Nb5 Bd7 23.Bc3 Re8
24.Rb2 Bf8 25.Qb3 Rb8 26.Qc2 Nd6 27.Na3 Re7 28.Rfb1 Re8 29.Bxa5 Ra8 30.Bxb6 Qc8
31.Nb5  1-0

[Event "Rheinhessen-ch MT1"]
[Site "Woerrstadt"]
[Date "1999.03.27"]
[Round "1"]
[White "Karst, Elmar"]
[Black "Mischke, Gabriel"]
[Result "1-0"]
[WhiteElo "2233"]
[BlackElo "2159"]

1.d4 Nf6 2.c4 g6 3.Nc3 Bg7 4.e4 d6 5.Nf3 O-O 6.Be2 e5 7.O-O Nc6 8.d5 Ne7
9.Ne1 Nd7 10.f3 f5 11.Be3 f4 12.Bf2 g5 13.a4 Nf6 14.c5 h5 15.Rc1 a6 16.a5 Ng6
17.Na4 g4 18.cxd6 g3 19.Bc5 Nd7 20.Bc4 Qh4 21.h3 Nf6 22.dxc7 Bxh3 23.gxh3 Qxh3
24.Rc2 Nh4 25.Be7 Ng4 26.d6+ Kh7 27.fxg4 g2 28.Nxg2 Nxg2 29.Rxg2 f3 30.Rh2 Qg3+
31.Kh1 Bh6 32.g5 f2 33.Bxf8 Qf4 34.g6+ Kh8 35.g7+  1-0

[Event "IND-ch"]
[Site "Nagpur"]
[Date "1999.03.29"]
[Round "7"]
[White "Prakash, G B."]
[Black "Konguveel, Ponnuswamy"]
[Result "1/2-1/2"]
[WhiteElo "2403"]
[BlackElo "2436"]

1.d4 Nf6 2.c4 g6 3.Nc3 Bg7 4.Nf3 O-O 5.e4 d6 6.Be2 e5 7.O-O Nc6 8.d5 Ne7
9.Bg5 Nh5 10.Ne1 Nf4 11.Nd3 Nxe2+ 12.Qxe2 h6 13.Bd2 f5 14.f4 exf4 15.Nxf4 g5
16.Nh5 Bd4+ 17.Kh1 f4 18.g3 fxg3 19.Rxf8+ Qxf8 20.Rf1 Bh3 21.Rxf8+ Rxf8 22.Nxg3 Rf2
23.Qxf2 Bxf2 24.Nd1 Bd4 25.Be3 Bxe3 26.Nxe3 Kf7 27.Kg1 Kg6 28.Kf2 h5 29.Kf3 Bd7
30.e5 dxe5 31.Ke4 h4 32.Nh1 g4 33.Nf2 Kg5 34.Nd3 Bf5+ 35.Nxf5 Nxf5 36.Kxe5 g3
37.hxg3 hxg3 38.c5 Kg4 39.Ne1 Ne7 40.Ke6 Nf5 41.Ke5 Ne7 42.a3 a5 43.b4 axb4
44.axb4 Ng6+ 45.Ke4 Kg5 46.b5 Kf6 47.Ng2 Ke7  1/2-1/2

[Event "Rheinhessen-ch MT1"]
[Site "Woerrstadt"]
[Date "1999.03.31"]
[Round "6"]
[White "Haasler, Andreas"]
[Black "Justel, Detlef"]
[Result "1-0"]
[WhiteElo "2219"]
[BlackElo "2000"]

1.d4 Nf6 2.c4 g6 3.Nc3 Bg7 4.e4 d6 5.Nf3 O-O 6.Be2 e5 7.O-O Nc6 8.d5 Ne7
9.b4 a5 10.Ba3 axb4 11.Bxb4 Nh5 12.a4 b6 13.Nb5 Bh6 14.a5 Nf4 15.Re1 f5 16.axb6 Rxa1
17.Qxa1 fxe4 18.bxc7 Qd7 19.Nxe5 Qf5 20.Bg4 Nh3+ 21.gxh3 Qxf2+ 22.Kh1 dxe5
23.Re2 Qf4 24.Qg1 Bxg4 25.hxg4 e3 26.Qg2 Ra8 27.Na3 Bf8 28.Re1 Nc8 29.d6 Nxd6
30.Bxd6 Re8 31.Rf1 Bxd6 32.Rxf4 exf4 33.Qd5+ Kh8 34.Qxd6 e2 35.Nc2 f3 36.Qd8 e1=Q+
37.Nxe1 f2 38.Qxe8+ Kg7 39.Qe7+  1-0

[Event "Neckar op 3rd"]
[Site "Deizisau"]
[Date "1999.04.01"]
[Round "1"]
[White "Chuchelov, Vladimir"]
[Black "Hillgaertner, Walter"]
[Result "1-0"]
[WhiteElo "2534"]
[BlackElo "2110"]

1.Nf3 d6 2.d4 Nf6 3.c4 g6 4.Nc3 Bg7 5.e4 O-O 6.Be2 e5 7.O-O Nc6 8.d5 Ne7
9.Nd2 Ne8 10.b4 f5 11.c5 Nf6 12.f3 Rf7 13.Nc4 f4 14.a4 g5 15.g4 h5 16.h3 Ng6
17.Ba3 Bf8 18.Rf2 Nh4 19.Rc1 a6 20.a5 Bd7 21.Kf1 Rh7 22.Ke1 Qe8 23.Kd2 Qg6
24.Kc2 hxg4 25.hxg4 Be8 26.Kb2 Rd8 27.Qb3 Kh8 28.cxd6 cxd6 29.b5 Qg7 30.bxa6 bxa6
31.Nb6 Qa7 32.Ka1 Rb8 33.Bd1 Nd7 34.Nca4 Ng6 35.Rfc2 Nxb6 36.Nxb6 Bb5 37.Be2 Bxe2
38.Rxe2 Rc7 39.Rc6 Ne7 40.Rxd6 Nc8 41.Rd8 Nxb6 42.Rxf8+ Rxf8 43.axb6  1-0

[Event "ISR-chT"]
[Site "Israel"]
[Date "1999.04.02"]
[Round "6"]
[White "Shabtai, Ran"]
[Black "Weisbuch, Udi"]
[Result "1-0"]
[WhiteElo "2287"]
[BlackElo "2308"]

1.d4 Nf6 2.c4 g6 3.Nc3 Bg7 4.e4 d6 5.Be2 O-O 6.Nf3 e5 7.O-O Nc6 8.d5 Ne7
9.b4 a5 10.bxa5 Rxa5 11.Nd2 c5 12.dxc6 bxc6 13.a4 d5 14.cxd5 cxd5 15.Ba3 d4
16.Nc4 Ra8 17.Nxe5 Bb7 18.Nc4 Nxe4 19.Nxe4 Bxe4 20.Bd3 Bd5 21.Re1 Bf6 22.Qe2 Be6
23.Qf3 Kg7 24.Nd2 Rh8 25.Ne4 Nd5 26.Nxf6 Qxf6 27.Qxf6+ Nxf6 28.Bc5 Rhd8 29.a5 Rd5
30.Rec1 Bf5 31.Bb5 Rc8 32.Bc6 Rxc6 33.Bf8+ Kxf8 34.Rxc6 d3 35.a6 d2 36.Rd1 Re5
37.Rf1 Re1 38.Rd6 Be4 39.Rxd2 Rxf1+ 40.Kxf1 Ke7 41.Re2 Kd6 42.Rxe4  1-0